[English Slovak – Slovak English STEM Dictionary]

Recenzia na publikáciu English Slovak – Slovak English STEM Dictionary.

Gespeichert in:
Bibliographische Detailangaben
1. Verfasser: Štefčík, Jozef, 1976-
Format: Buchkapitel
Sprache:Englisch
Schlagworte:
Tags: Tag hinzufügen
Keine Tags, Fügen Sie das erste Tag hinzu!

MARC

LEADER 00000naa a2200000 4500
001 0304354
005 20260113142038.2
041 0 |a eng 
044 |a SK 
245 1 0 |a [English Slovak – Slovak English STEM Dictionary]  |c Jozef Štefčík 
520 |a Recenzia na publikáciu English Slovak – Slovak English STEM Dictionary. 
610 2 0 |a jazykoveda 
610 2 0 |a slovníky 
610 2 0 |a filológia 
610 2 0 |a prekladateľstvo 
100 1 |a Štefčík, Jozef, 1976-